Authors Sharing Names Quiz Stats

 Plays Quiz Updated Oct 14, 2014

Challenge
Share
Tweet
Embed
Score 0/16 Timer 05:00
0 Plays Today
Combined Name Common Name % Correct
Ann DickensCharles
98.6%
C. S. CarrollLewis
97.5%
Elizabeth OrwellGeorge
97.5%
Agatha RidgwayChristie
97%
P. D. JoyceJames
94%
Harper ChildLee
93.8%
Dylan HardyThomas
86%
Philip K. FrancisDick
77.8%
Combined Name Common Name % Correct
Howard MailerNorman
77.5%
George R. R. AmisMartin
76.8%
Upton LewisSinclair
76.7%
D. H. BlockLawrence
76.4%
Piers BurgessAnthony
72.8%
Heather GreeneGraham
67.9%
Norman AdamsDouglas
51.1%
Charles AmisKingsley
37.9%

You're not logged in!

Compare scores with friends on all Sporcle quizzes.
Join for Free
OR
Log In

You Might Also Like...

Show Comments

Extras

Top Quizzes Today


Score Distribution

Your Account Isn't Verified!

In order to create a playlist on Sporcle, you need to verify the email address you used during registration. Go to your Sporcle Settings to finish the process.

Report this User

Report this user for behavior that violates our Community Guidelines.

Details: